00861nam a22002291 450000100060000000300080000600500170001400800390003103500190007004000270008904100080011608200230012424500460014726000370019330000250023049000430025550001870029850400370048565000340052270000320055683000430058835647BD-RjUL20211209052346.0140528s1967 nyu b 001 0 eng a(BD-RjUL)35742 aDLCcDLCdBD-RjULbeng aeng00a378.1981bSTU 196710aStudent politics /cSeymour Martin Lipset aNew York :bBasic Books,cc1967. aix, 403 p. ;c23 cm.1 aStudent movements--past and presentv1 a"With the exception of the first chapter ... the contents of this volume formed a special issue of the Comparative Education Review. In some cases ... the material has been revised." aIncludes Bibliography and index. 0aStudentsxPolitical activity.1 aLipset, Seymour Martineed.1 aStudent movements--past and present, 1